000 00819nam a22002652i 4500
001 19696
003 BD-RjUL
005 20211209000450.0
008 140225t1962 enka 001 0beng d
035 _a(BD-RjUL)19757
040 _aMGC
_cMGC
_dUKM
_dEQO
_dBD-RjUL
_beng
041 _aeng
082 0 4 _a824.8
_218
_bFOG 1962
090 _aPR6007.I35
_bZ7 1962
100 1 _aForster, E. M.
_q(Edward Morgan),
_d1879-1970.
_960514
245 1 0 _aGoldsworthy Lowes Dickinson /
_cE. M. Forster
250 _aPocket edition
260 _aLondon :
_bE. Arnold,
_c1962.
300 _avi, 277 p. :
_bill. ;
_c17 cm.
504 _aIncludes bibliographical reference and index
600 1 0 _aDickinson, G. Lowes
_q(Goldsworthy Lowes),
_d1862-1932
_960516
942 _2ddc
_cBK
999 _c19696
_d19696